000 00318nam a22001337a 4500
008 171031b xxu||||| |||| 00| 0 eng d
020 _a9781591395027
041 _aeng
080 _a33
100 _a59
101 _aBUS
245 _aHARVARD BUSINESS REVIEW ON TEAMS THAT SUCCEED
_cKATZENBACH,J,R
942 _2udc
_cBK
999 _c36891
_d36891